Where did the 2025 Chicago Bears go to College? - Statistics

General Stats
  • This quiz has been taken 64 times
  • The average score is 28 of 53
Answer Stats
Player College % Correct
Caleb Williams USC
100%
Colston Loveland Michigan
94%
Luther Burden lll Missouri
90%
D'Andre Swift Georgia
88%
Rome Odunze Washington
88%
Kyler Gordon Washington
88%
Cole Kmet Notre Dame
81%
Durham Smythe Notre Dame
81%
Nick McCloud Notre Dame
81%
Scott Daly Notre Dame
81%
Kyle Monangai Rutgers
79%
Roschon Johnson Texas
79%
Devin Duvernay Texas
79%
Gervon Dexter Sr. Florida
77%
DJ Moore Maryland
77%
Ruben Hyppolite ll Maryland
77%
Darnell Wright Tennessee
77%
Noah Sewell Oregon
69%
Dominique Robinson Miami (OH)
67%
Tyrique Stevenson Miami
65%
Jahdae Walker Texas A&M
65%
Shemar Turner Texas A&M
65%
Jaylon Johnson Utah
65%
Ryan Bates Penn State
63%
Jaquan Brisker Penn State
63%
Ozzy Trapilo Boston College
58%
Tory Taylor Iowa
58%
Austin Booker Kansas
58%
Luke Newman Michigan State
56%
Jonah Jackson Ohio State
54%
Elijah Hicks Cal
48%
Montez Sweat Mississippi State
48%
Tyson Bagent Shepherd
46%
Kiran Amegadjie Yale
46%
Grady Jarrett Clemson
38%
Olamide Zaccheaus Virginia
38%
T.J. Edwards Wisconsin
38%
Case Keenum Houston
37%
Carl Jones UCLA
37%
Drew Dalman Stanford
33%
Termaine Edmunds Virginia Tech
33%
Nahshon Wright Oregon State
31%
Joe Thuney NC State
29%
Josh Blackwell Duke
21%
Cairo Santos Tulane
21%
Dayo Odeyingbo Vanderbilt
21%
Andrew Billings Baylor
17%
Braxton Jones Southern Utah
13%
Daniel Hardy Montana State
10%
Theo Benedet UBC
4%
Jonathan Owens Missouri Western State
2%
Chris Williams Wagner
2%
Kevin Byard Tenn. State
0%
No matching quizzes found
Score Distribution
Percent of People with Each Score
Percentile by Number Answered
Your Score History
You have not taken this quiz